<?xml version="1.0" encoding="UTF-8"?>
<record
    xmlns:xsi="http://www.w3.org/2001/XMLSchema-instance"
    xsi:schemaLocation="http://www.loc.gov/MARC21/slim http://www.loc.gov/standards/marcxml/schema/MARC21slim.xsd"
    xmlns="http://www.loc.gov/MARC21/slim">

  <leader>00369nam a2200145Ia 4500</leader>
  <controlfield tag="008">220530s9999    xx            000 0 und d</controlfield>
  <datafield tag="020" ind1=" " ind2=" ">
    <subfield code="a">9789386150301</subfield>
  </datafield>
  <datafield tag="040" ind1=" " ind2=" ">
    <subfield code="a">eng</subfield>
  </datafield>
  <datafield tag="100" ind1=" " ind2=" ">
    <subfield code="a">PANKAJA NAIK</subfield>
    <subfield code="9">61473</subfield>
  </datafield>
  <datafield tag="245" ind1=" " ind2=" ">
    <subfield code="a">ESSENTIAL OF BIOCHEMISTRY</subfield>
  </datafield>
  <datafield tag="250" ind1=" " ind2=" ">
    <subfield code="a">SECOND</subfield>
  </datafield>
  <datafield tag="260" ind1=" " ind2=" ">
    <subfield code="a">NAGPUR</subfield>
    <subfield code="b">JAYPEE PUBLICATION,NAGPUR</subfield>
    <subfield code="c">2017</subfield>
  </datafield>
  <datafield tag="300" ind1=" " ind2=" ">
    <subfield code="a">500</subfield>
  </datafield>
  <datafield tag="650" ind1=" " ind2=" ">
    <subfield code="a">BIOCHEMISTRY</subfield>
    <subfield code="9">61474</subfield>
  </datafield>
  <datafield tag="999" ind1=" " ind2=" ">
    <subfield code="c">2611</subfield>
    <subfield code="d">2611</subfield>
  </datafield>
  <datafield tag="952" ind1=" " ind2=" ">
    <subfield code="0">0</subfield>
    <subfield code="1">0</subfield>
    <subfield code="4">0</subfield>
    <subfield code="7">0</subfield>
    <subfield code="a">SNCN</subfield>
    <subfield code="b">SNCN</subfield>
    <subfield code="d">2018-08-29</subfield>
    <subfield code="e">TEXTBOOK  DONATED JAYPEE BROTHERS</subfield>
    <subfield code="g">400.00</subfield>
    <subfield code="l">22</subfield>
    <subfield code="m">3</subfield>
    <subfield code="p">SNCN-BK-2144</subfield>
    <subfield code="r">2025-11-17 16:48:37</subfield>
    <subfield code="s">2025-10-31</subfield>
    <subfield code="w">2022-05-31</subfield>
    <subfield code="y">DB</subfield>
    <subfield code="z">2144</subfield>
  </datafield>
</record>
